00725nam a2200181 a 450000100100000000500170001000800410002704000250006810000370009324500450013026000820017530000270025750000210028450000400030571000790034595201040042499900150052800000222320200929150156.0090701s1996 dr a 000 0 spa d aDO-SdBNPbspacBNPHU1 aBarrios, Eduardo M.cS. J.9710310aDoce horas santas /cEduardo M. Barrios. aSanto Domingo :bSecretariado Nacional del Apostolado de la Oración,c1996. a80 p. :bil. ;c22 cm. aIncluye índice aIncluye notas al pie de las paginas1 aSecretariado Nacional del Apostolado de la Oración (Santo Domingo)97104 0010718PDaPDbPDcCTd2009-07-01iLF1l0o p2223-10r2020-06-25w2020-06-25yLFPDZNo se presta c2071d2071